[Event "7th Asrian Memorial 2014"]
[Site "Jermuk ARM"]
[Date "2014.06.21"]
[Round "6.10"]
[White "Nadimifar, Adnan"]
[Black "Mkrtchian, Lilit"]
[Result "0-1"]
[BlackTitle "IM"]
[WhiteElo "2147"]
[BlackElo "2456"]
[WhiteFideId "12503720"]
[BlackFideId "13300601"]
[EventDate "2014.06.16"]

1. d4 Nf6 2. c4 e6 3. Nc3 Bb4 4. e3 O-O 5. Bd3 c5 6. a3 Bxc3+ 7. bxc3 Nc6 8. Ne2
b6 9. e4 Ne8 10. Be3 Ba6 11. Ng3 Na5 12. Qe2 Rc8 13. d5 e5 14. f4 f6 15. O-O Nd6
16. fxe5 fxe5 17. Rxf8+ Qxf8 18. Rf1 Qe8 19. Nh5 Qg6 20. Rf3 Qxh5 21. Rf8+ Rxf8
22. Qxh5 Bxc4 23. Qe2 Bxd3 24. Qxd3 Nac4 25. a4 h6 26. h3 Rf6 27. Bc1 Kh7 28.
Qe2 Rf7 29. h4 a6 30. Qh5 b5 31. axb5 axb5 32. Qe2 Rf8 33. Qg4 Ra8 34. Kh2 Ra1
35. Bg5 hxg5 36. hxg5 Kg6 37. Qxd7 Re1 38. Kh3 Rxe4 39. g4 Re1 40. Qe6+ Kxg5 41.
Qe7+ Kg6 42. Qe6+ Kh7 43. g5 Re4 44. Kg3 b4 45. cxb4 cxb4 46. g6+ Kh6 47. Qh3+
Kxg6 48. Qe6+ Kh7 49. Qh3+ Kg8 50. Qe6+ Kf8 51. Qd7 b3 52. Qd8+ Kf7 53. Qd7+ Kg6
54. Qe6+ Kh7 55. Qh3+ Kg8 56. Qe6+ Kf8 57. Qd7 b2 0-1

[Event "7th Asrian Memorial 2014"]
[Site "Jermuk ARM"]
[Date "2014.06.21"]
[Round "6.11"]
[White "Bagaturov, Giorgi"]
[Black "Hoghmrtsyan, Artur"]
[Result "1/2-1/2"]
[WhiteTitle "GM"]
[WhiteElo "2427"]
[BlackElo "1912"]
[WhiteFideId "13600133"]
[BlackFideId "13306685"]
[EventDate "2014.06.16"]

1. d4 Nf6 2. c4 g6 3. Nf3 Bg7 4. g3 O-O 5. Bg2 d6 6. Nc3 Nbd7 7. O-O e5 8. e4
exd4 9. Nxd4 Re8 10. h3 Nc5 11. Re1 a5 12. b3 h6 13. Rb1 Bd7 14. Bb2 a4 15. b4
Ne6 16. Nf3 Ng5 17. Nxg5 hxg5 18. Nd5 Nxd5 19. Bxg7 Kxg7 20. Qxd5 Bc6 21. Qd4+
Qf6 22. Qxf6+ Kxf6 23. a3 Bd7 24. Rbc1 Rh8 25. c5 Bxh3 26. cxd6 cxd6 27. e5+
dxe5 28. Bxb7 Ra7 29. Bd5 Rd7 30. Rc5 Rhd8 31. Bc6 Rd3 32. Bxa4 Rxa3 33. Bc6 Rb3
34. b5 Rd2 35. Rcxe5 Rbb2 36. R5e3 Rxf2 37. Rb3 Rxb3 38. Kxf2 Be6 39. Re3 Rb4
40. Rf3+ Ke5 41. Re3+ Kd6 42. Rd3+ Kc7 43. Be8 1/2-1/2

[Event "7th Asrian Memorial 2014"]
[Site "Jermuk ARM"]
[Date "2014.06.21"]
[Round "6.12"]
[White "Nadanian, Ashot"]
[Black "Matevosyan, Sedrak"]
[Result "1-0"]
[WhiteTitle "IM"]
[WhiteElo "2416"]
[BlackElo "2233"]
[WhiteFideId "13300393"]
[BlackFideId "13302035"]
[EventDate "2014.06.16"]

1. e4 c5 2. g3 Nc6 3. Bg2 g6 4. f4 d6 5. d3 Bg7 6. Nf3 e6 7. c3 Nge7 8. O-O O-O
9. Be3 b6 10. Na3 d5 11. Bf2 Ba6 12. e5 Qc7 13. Nc2 b5 14. Rc1 Rac8 15. Re1 Nb8
16. Qd2 Nd7 17. d4 Bb7 18. Bf1 a6 19. Na1 Qa5 20. Nb3 Qxa2 21. Ra1 Qxb3 22. Qc1
c4 23. Nd2 Qa4 24. Rxa4 bxa4 25. g4 Bc6 26. Nf3 Rb8 27. Bh4 Rfe8 28. Bh3 Rb3 29.
Kh1 h5 30. gxh5 Nf5 31. Bxf5 exf5 32. e6 Rxe6 33. Rxe6 fxe6 34. hxg6 Nf8 35. Be7
Nxg6 36. Bb4 a5 37. Bxa5 Rb7 38. Bb4 Bh6 39. Qe3 Bd7 40. Ng5 Bxg5 41. fxg5 f4
42. Qe2 e5 43. dxe5 Bf5 44. Kg1 Kf7 45. e6+ Ke8 46. e7 Rxb4 47. cxb4 a3 48. bxa3
Bd3 49. Qb2 Nxe7 50. b5 1-0

[Event "7th Asrian Memorial 2014"]
[Site "Jermuk ARM"]
[Date "2014.06.21"]
[Round "6.13"]
[White "Tutisani, Noe"]
[Black "Tabatabaei, M.amin"]
[Result "1/2-1/2"]
[BlackTitle "FM"]
[WhiteElo "2115"]
[BlackElo "2345"]
[WhiteFideId "13602853"]
[BlackFideId "12521213"]
[EventDate "2014.06.16"]

1. e4 e5 2. Nc3 Nf6 3. f4 d5 4. fxe5 Nxe4 5. Nf3 Nxc3 6. dxc3 Be7 7. Bf4 c5 8.
Bb5+ Nc6 9. O-O Be6 10. Qd2 h6 11. c4 dxc4 12. Qc3 O-O 13. Bxc4 Nd4 14. Kh1 Bxc4
15. Qxc4 b5 16. Qd3 Ne6 17. Qe4 Nxf4 18. Qxf4 Qd5 19. a4 a6 20. Rfd1 Qc6 21. h3
Rfd8 22. axb5 Rxd1+ 23. Rxd1 axb5 24. b3 Ra2 25. c4 Qg6 26. Rd2 Ra1+ 27. Kh2 b4
28. Qe3 Qf5 29. Qd3 Qxd3 30. Rxd3 Rc1 31. Kg3 g6 32. Nd2 Rc3 33. Rf3 Kg7 34. Ne4
Rc2 35. Rd3 Rb2 36. Kf3 Rb1 37. g3 h5 38. h4 Rb2 39. Ke3 Kg8 40. Kf4 Kg7 41. Kf3 1/2-1/2

[Event "7th Asrian Memorial 2014"]
[Site "Jermuk ARM"]
[Date "2014.06.21"]
[Round "6.14"]
[White "Aleksanyan, Hrant"]
[Black "Kotanjian, Tigran"]
[Result "1/2-1/2"]
[BlackTitle "GM"]
[WhiteElo "2015"]
[BlackElo "2546"]
[WhiteFideId "13306634"]
[BlackFideId "13301250"]
[EventDate "2014.06.16"]

1. Nf3 c5 2. c4 g6 3. d4 Bg7 4. d5 d6 5. e4 e5 6. Nc3 Ne7 7. Be2 h6 8. O-O O-O
9. Ne1 f5 10. f3 f4 11. g4 h5 12. h3 Bf6 13. Ng2 Kg7 14. Kf2 Rh8 15. Rh1 Ng8 16.
Bd3 Nh6 17. gxh5 gxh5 18. Rg1 Kf8 19. Ke2 Nf7 20. Bxf4 Bxh3 21. Bd2 Bxg2 22.
Rxg2 Nd7 23. Qh1 Ke7 24. Rag1 Nf8 25. Rg8 h4 26. Kd1 a6 27. Bf1 Kd7 28. Rxh8
Nxh8 29. Qh3+ Kc7 30. Qf5 Qe7 31. Rg8 Rd8 32. Bh3 Nd7 33. Rxd8 Qxd8 34. Ne2 Nf8
35. b4 cxb4 36. Bxb4 Nhg6 37. c5 dxc5 38. Bxc5 Be7 39. Bxe7 Qxe7 40. Qc8+ Kb6
41. Bf5 Ka7 42. Qc3 Qd6 43. Qe3+ Kb8 44. Qh6 Kc7 45. Qc1+ Kb8 46. Qh6 b5 47. Qg7
b4 48. Qf7 a5 49. Kc2 Qa6 50. Bxg6 Qxe2+ 51. Kb1 Qd3+ 52. Kb2 Qd4+ 53. Kb3 a4+
54. Kxa4 b3+ 55. Kb5 Qd3+ 56. Kb6 Qe3+ 57. Kb5 Qe2+ 58. Kb4 Qe1+ 59. Kb5 Qe2+
60. Kb4 Qd2+ 61. Kb5 Qd3+ 62. Kb6 Qd4+ 63. Kb5 Nxg6 64. Qe8+ Kc7 65. Qf7+ Kd8
66. Qf6+ Kc8 67. Qc6+ Kd8 68. Qd6+ 1/2-1/2

[Event "7th Asrian Memorial 2014"]
[Site "Jermuk ARM"]
[Date "2014.06.21"]
[Round "6.15"]
[White "Manukyan, Artyom"]
[Black "Galojan, Lilit"]
[Result "1/2-1/2"]
[BlackTitle "IM"]
[WhiteElo "1973"]
[BlackElo "2308"]
[WhiteFideId "13305786"]
[BlackFideId "13301314"]
[EventDate "2014.06.16"]

1. e4 c5 2. Nc3 Nc6 3. g3 g6 4. Bg2 Bg7 5. d3 d6 6. Be3 Nd4 7. Qd2 Qa5 8. f4 e5
9. Nf3 Ne7 10. h3 Nec6 11. O-O Nxf3+ 12. Rxf3 Nd4 13. Rf2 O-O 14. Raf1 f5 15.
fxe5 dxe5 16. exf5 gxf5 17. Bh6 Be6 18. Bxg7 Kxg7 19. Qg5+ Kh8 20. Qh6 Qc7 21.
Nb5 Nxb5 22. Qxe6 Rae8 23. Qd5 Nd6 1/2-1/2

[Event "7th Asrian Memorial 2014"]
[Site "Jermuk ARM"]
[Date "2014.06.22"]
[Round "7.1"]
[White "Pashikian, Arman"]
[Black "Grigoryan, Karen H."]
[Result "0-1"]
[WhiteTitle "GM"]
[BlackTitle "GM"]
[WhiteElo "2630"]
[BlackElo "2577"]
[WhiteFideId "13301578"]
[BlackFideId "13301004"]
[EventDate "2014.06.16"]

1. d4 d6 2. e4 Nf6 3. Nc3 g6 4. f4 Bg7 5. Nf3 O-O 6. e5 dxe5 7. fxe5 Nd5 8. Bc4
Be6 9. Nxd5 Bxd5 10. Bxd5 Qxd5 11. Qe2 c5 12. c4 Qd7 13. dxc5 Qc6 14. O-O Qxc5+
15. Be3 Qc8 16. Bd4 Nc6 17. Bc3 Nd8 18. Rad1 Ne6 19. Nd4 Nxd4 20. Rxd4 Qc7 21.
Rd5 Rac8 22. Rf4 Qb6+ 23. Kh1 Rc6 24. Qd3 Re6 25. h3 Qc6 26. b3 h5 27. Rf1 b6
28. Re1 a6 29. a4 f5 30. Rd7 f4 31. Qd5 f3 32. Rf1 fxg2+ 33. Kxg2 Rc8 34. Bd4 g5
35. Rxe7 Qxd5+ 36. cxd5 Rxe7 37. Rf5 Rf7 38. Rxg5 Rc2+ 39. Kg3 Rd2 40. e6 Rxd4
41. exf7+ Kxf7 42. Rxh5 Kg6 43. Rh4 Be5+ 0-1

[Event "7th Asrian Memorial 2014"]
[Site "Jermuk ARM"]
[Date "2014.06.22"]
[Round "7.2"]
[White "Babujian, Levon"]
[Black "Aghasaryan, Robert"]
[Result "1/2-1/2"]
[WhiteTitle "GM"]
[BlackTitle "GM"]
[WhiteElo "2482"]
[BlackElo "2502"]
[WhiteFideId "13301993"]
[BlackFideId "13302841"]
[EventDate "2014.06.16"]

1. c4 e6 2. d4 d5 3. Nc3 Be7 4. cxd5 exd5 5. Bf4 c6 6. Qc2 Nf6 7. h3 Qa5 8. Nf3
Ne4 9. Nd2 Nxd2 10. Qxd2 Be6 11. e3 Nd7 12. Bd3 O-O 13. O-O Qd8 14. f3 c5 15.
dxc5 Nxc5 16. Bc2 Rc8 17. Rad1 Qb6 18. Be5 Rfd8 19. Bd4 Qc6 20. Rc1 Qe8 21. Ne2
f6 22. Nf4 Bf7 23. Bf5 Rc6 24. b4 Nd7 25. Rxc6 bxc6 26. Bxa7 Ne5 27. Bd4 Nc4 28.
Qe1 Rb8 29. Nd3 g6 30. Qg3 Ra8 31. Nc5 Qb8 32. Qxb8+ Rxb8 33. Bd7 Rxb4 34. Nd3
Ra4 35. Bxc6 Rxa2 36. Nf4 Ra5 37. Rb1 Bc5 38. Rb8+ Kg7 39. Rb7 Bxd4 40. Ne6+ Kh6
41. Nxd4 Bg8 42. Re7 Ra1+ 43. Kf2 Ra2+ 44. Kg3 Rd2 45. Nb5 Re2 46. Re8 Bf7 47.
Re7 1/2-1/2

[Event "7th Asrian Memorial 2014"]
[Site "Jermuk ARM"]
[Date "2014.06.22"]
[Round "7.3"]
[White "Ter-Sahakyan, Samvel"]
[Black "Hayrapetyan, Hovik"]
[Result "1/2-1/2"]
[WhiteTitle "GM"]
[BlackTitle "GM"]
[WhiteElo "2587"]
[BlackElo "2420"]
[WhiteFideId "13302531"]
[BlackFideId "13302639"]
[EventDate "2014.06.16"]

1. e4 c5 2. Nf3 e6 3. d4 cxd4 4. Nxd4 a6 5. Bd3 Qc7 6. O-O Nf6 7. Qe2 d6 8. c4
g6 9. Nc3 Bg7 10. Nf3 Ng4 11. Bf4 Nd7 12. Rac1 Nge5 13. Nxe5 Nxe5 14. Qe3 Bd7
15. Be2 O-O 16. Rfd1 Rfd8 17. b3 Rac8 18. Bg5 f6 19. Bf4 Be8 20. Bg3 Bf8 21. Kh1
g5 22. h4 Qg7 23. Bxe5 dxe5 24. Bg4 Qe7 25. Qh3 Rxd1+ 26. Rxd1 Rc6 27. hxg5 fxg5
28. Rd3 Qf7 29. Rg3 Qg6 30. Qh2 Bb4 31. Rh3 Bxc3 32. Rxc3 Qxe4 33. Qh3 Qe1+ 34.
Kh2 Qxf2 35. Rf3 Qh4 36. Qxh4 gxh4 37. Re3 Kg7 38. Rxe5 Kf6 39. Re2 b5 40. cxb5
axb5 41. Kh3 Bg6 42. Kxh4 Ra6 43. Kg3 Bb1 44. Rb2 Be4 45. Kf4 Bd5 46. Be2 e5+
47. Ke3 Ra5 48. Bd3 h6 49. Rf2+ Ke6 50. Bf5+ Ke7 51. Be4 Be6 52. g3 Bf7 53. Rh2
Ra6 54. Bd3 Rb6 55. Rc2 b4 56. Rc7+ Kf6 57. Bc4 Bg6 58. Rc5 h5 59. Ra5 Bf5 60.
Be2 Bg6 61. Bf3 Be8 62. Be4 Bf7 63. Ra7 Ke6 64. Ra8 Kf6 65. Ra5 Be8 66. Bd3 Bf7
67. Ra8 Kg7 68. Ra5 Kf6 69. Ra7 Bg8 70. Rc7 Bf7 71. Rc5 Be6 72. Bc4 Bxc4 73.
Rxc4 Kf5 74. Rh4 Kg5 75. Kf3 Rb5 76. Re4 Kf5 77. Ke3 Ra5 78. Rh4 Kg5 79. Rxb4
Rxa2 80. Re4 Kf5 81. Rh4 Rb2 82. Rxh5+ Kg6 83. Rxe5 Rxb3+ 84. Kf4 Rb4+ 85. Kf3
Rb6 86. Kf4 Rb4+ 87. Kf3 1/2-1/2

[Event "7th Asrian Memorial 2014"]
[Site "Jermuk ARM"]
[Date "2014.06.22"]
[Round "7.4"]
[White "Petrosyan, Manuel"]
[Black "Hovhannisyan, Robert"]
[Result "0-1"]
[WhiteTitle "FM"]
[BlackTitle "GM"]
[WhiteElo "2378"]
[BlackElo "2601"]
[WhiteFideId "13300857"]
[BlackFideId "13302507"]
[EventDate "2014.06.16"]

1. d4 d6 2. g3 e5 3. Bg2 exd4 4. Nf3 c5 5. c3 dxc3 6. Nxc3 Nf6 7. Qb3 Be7 8. O-O
O-O 9. Rd1 Nc6 10. Bf4 Nb4 11. Ng5 Bf5 12. Rd2 d5 13. a3 Nc6 14. Nxd5 Nxd5 15.
Bxd5 Bxg5 16. Bxc6 Qf6 17. Rd6 Be6 18. Bxg5 Qxg5 19. Qxb7 Rab8 20. Qxa7 Rxb2 21.
Bf3 Qe5 22. Rdd1 c4 23. Qe3 Qxe3 24. fxe3 c3 25. Rdc1 c2 26. Be4 Rc8 27. a4 g6
28. a5 Bf5 29. Bxf5 gxf5 30. a6 Ra8 31. Kf2 Kg7 32. a7 Rb1 33. Raxb1 cxb1=Q 34.
Rxb1 Rxa7 35. Kf3 Ra4 36. Rb6 Ra1 37. h3 Rf1+ 38. Kg2 Ra1 39. Rd6 Rb1 40. Ra6
Rc1 41. h4 Rb1 42. Ra4 Kg6 43. Kf2 h5 44. Ra6+ Kg7 45. Rc6 Ra1 46. Rc5 Kg6 47.
Rc6+ Kg7 48. Rc4 Kg6 49. Rf4 Rb1 50. Kg2 Re1 51. Rf2 Rb1 52. Rf1 Rxf1 53. Kxf1
Kf6 54. Kf2 Ke6 55. Kg2 Kd5 56. Kf3 Ke5 57. Kg2 Ke4 58. Kf2 f6 59. Kg2 Kxe3 60.
Kf1 Ke4 61. Kg2 f4 62. gxf4 Kxf4 63. Kf2 Kg4 64. Ke3 Kxh4 65. Kf4 Kh3 66. Kf3 h4
67. Kf2 Kg4 68. Kg2 h3+ 69. Kh2 f5 0-1

[Event "7th Asrian Memorial 2014"]
[Site "Jermuk ARM"]
[Date "2014.06.22"]
[Round "7.5"]
[White "Mkrtchian, Lilit"]
[Black "Kalashian, David"]
[Result "1-0"]
[WhiteTitle "IM"]
[BlackTitle "IM"]
[WhiteElo "2456"]
[BlackElo "2395"]
[WhiteFideId "13300601"]
[BlackFideId "13302418"]
[EventDate "2014.06.16"]

1. c4 c6 2. d4 g6 3. Nc3 Bg7 4. e4 d6 5. Be3 Nf6 6. f3 a6 7. a4 a5 8. Bd3 Na6 9.
Nge2 Nb4 10. Qd2 h5 11. Rd1 Nxd3+ 12. Qxd3 h4 13. O-O Nh7 14. Qd2 g5 15. Kh1 Bh6
16. f4 h3 17. g3 Rg8 18. f5 Nf6 19. Ng1 b5 20. axb5 cxb5 21. cxb5 Bb7 22. d5 Ng4
23. Nxh3 Bg7 24. Nf2 Ne5 25. Qe2 a4 26. Nb1 Bf6 27. Bd4 Qa5 28. Bxe5 Bxe5 29.
Ng4 Bf6 30. Na3 Qb4 31. Nxf6+ exf6 32. Rc1 Rh8 33. Rc7 Rb8 34. Qc2 Qd4 35. Rxb7
Rxb7 36. Qc8+ Ke7 37. Qxb7+ Kf8 38. Qc8+ Kg7 39. Qc2 Qe3 40. Qg2 Rc8 41. Qf3 Qd4
42. Qe2 1-0

[Event "7th Asrian Memorial 2014"]
[Site "Jermuk ARM"]
[Date "2014.06.22"]
[Round "7.6"]
[White "Harutyunian, Tigran K."]
[Black "Hambardzumian, Yuri"]
[Result "1-0"]
[WhiteTitle "IM"]
[BlackTitle "IM"]
[WhiteElo "2436"]
[BlackElo "2336"]
[WhiteFideId "13303635"]
[BlackFideId "13302795"]
[EventDate "2014.06.16"]

1. Nf3 f5 2. d4 Nf6 3. g3 g6 4. Bg2 Bg7 5. c4 O-O 6. Nc3 d6 7. O-O Qe8 8. Re1 c6
9. e4 fxe4 10. Nxe4 Nxe4 11. Rxe4 Bf5 12. Re1 Nd7 13. h3 e5 14. g4 Be6 15. d5
cxd5 16. Ng5 Nb6 17. cxd5 Bf7 18. a4 Qe7 19. a5 Nd7 20. Ne4 Nf6 21. Bg5 Kh8 22.
Ra3 Rac8 23. Rd3 a6 24. f4 h6 25. Nxd6 hxg5 26. fxe5 Rcd8 27. exf6 Qxd6 28.
fxg7+ Kxg7 29. Qd2 Rde8 30. Qc3+ Kh7 31. Rde3 Rxe3 32. Rxe3 Re8 33. Rxe8 Bxe8
34. Qe3 Bb5 35. Qxg5 Qc5+ 36. Kh1 Qf2 37. Qc1 Kg7 38. d6 Bc6 39. Bxc6 bxc6 40.
Qc3+ Kf7 41. Qd3 1-0

[Event "7th Asrian Memorial 2014"]
[Site "Jermuk ARM"]
[Date "2014.06.22"]
[Round "7.7"]
[White "Petrosian, Davit G."]
[Black "Martirosyan, Haik M."]
[Result "1-0"]
[WhiteTitle "GM"]
[BlackTitle "FM"]
[WhiteElo "2425"]
[BlackElo "2311"]
[WhiteFideId "13301349"]
[BlackFideId "13306553"]
[EventDate "2014.06.16"]

1. e4 c5 2. Nc3 e6 3. Nf3 a6 4. d4 cxd4 5. Nxd4 Qc7 6. Qf3 Nc6 7. Be3 Nf6 8.
O-O-O Be7 9. Be2 O-O 10. g4 d6 11. g5 Nd7 12. Rhg1 Nxd4 13. Bxd4 b5 14. Qh5 Bb7
15. Rd3 Rfc8 16. Rf3 Ne5 17. Bxe5 dxe5 18. Qxf7+ Kh8 19. Qxe6 b4 20. Rh3 bxc3
21. Rxh7+ Kxh7 22. g6+ Kh8 23. Qh3+ Bh4 24. Qxh4+ Kg8 25. b4 Bxe4 26. Qxe4 Qd6
27. Bc4+ 1-0

[Event "7th Asrian Memorial 2014"]
[Site "Jermuk ARM"]
[Date "2014.06.22"]
[Round "7.8"]
[White "Mikaelyan, Arman"]
[Black "Nadanian, Ashot"]
[Result "1-0"]
[BlackTitle "IM"]
[WhiteElo "2281"]
[BlackElo "2416"]
[WhiteFideId "13304852"]
[BlackFideId "13300393"]
[EventDate "2014.06.16"]

1. Nf3 c5 2. c4 Nf6 3. g3 b6 4. Bg2 Bb7 5. O-O e6 6. b3 Be7 7. Bb2 O-O 8. e3 Nc6
9. Nc3 d5 10. cxd5 Nxd5 11. Nxd5 Qxd5 12. d4 Rad8 13. Ne5 Qxg2+ 14. Kxg2 Nxe5+
15. f3 cxd4 16. exd4 Nc6 17. Rc1 Bf6 18. Rc4 Rd7 19. Qc2 Ne7 20. Rc7 Rfd8 21.
Rxd7 Rxd7 22. Kf2 Nd5 23. a3 h5 24. h4 g6 25. Rc1 Kh7 26. Qe2 a6 27. Rc2 Bg7 28.
Qd3 Ne7 29. Qe2 Nd5 30. Ke1 Bh6 31. f4 Bg7 32. Kd1 Ne7 33. Rd2 Nf5 34. Rd3 Bd5
35. Kc1 b5 36. Qe1 Bf6 37. Kb1 Bd8 38. Ka1 Bb6 39. Qe2 Bd8 40. Qe1 a5 41. Qc1 b4
42. Qc8 Rd6 43. a4 Be4 44. Rd2 Bd5 45. Rd3 Kg7 46. Ka2 Bf6 47. Qc7 Be4 48. Rd1
Rd5 49. Re1 Bf3 50. Rxe6 Bd8 51. Qa7 Bf6 52. Rc6 Bxd4 53. Rc5 Rd6 1-0

[Event "7th Asrian Memorial 2014"]
[Site "Jermuk ARM"]
[Date "2014.06.22"]
[Round "7.9"]
[White "Tabatabaei, M.amin"]
[Black "Gharagyozyan, Artur"]
[Result "1-0"]
[WhiteTitle "FM"]
[WhiteElo "2345"]
[BlackElo "2194"]
[WhiteFideId "12521213"]
[BlackFideId "13303279"]
[EventDate "2014.06.16"]

1. e4 c5 2. Nf3 d6 3. Bb5+ Nc6 4. O-O Bd7 5. Re1 a6 6. Bf1 Nf6 7. c3 Bg4 8. h3
Bh5 9. g4 Bg6 10. d4 cxd4 11. cxd4 d5 12. exd5 Nxd5 13. Nc3 e6 14. Nxd5 Qxd5 15.
Bg2 Bb4 16. Ne5 Qb5 17. a4 Qb6 18. Be3 Bxe1 19. d5 Qd8 20. dxc6 Qc7 21. cxb7 Rd8
22. Bc6+ Ke7 23. Bc5+ Kf6 24. Qf3+ Bf5 25. g5+ Kxg5 26. Qg3+ Kf6 27. Ng4+ 1-0

[Event "7th Asrian Memorial 2014"]
[Site "Jermuk ARM"]
[Date "2014.06.22"]
[Round "7.10"]
[White "Imnadze, Nato"]
[Black "Bagaturov, Giorgi"]
[Result "0-1"]
[WhiteTitle "WFM"]
[BlackTitle "GM"]
[WhiteElo "2113"]
[BlackElo "2427"]
[WhiteFideId "13600974"]
[BlackFideId "13600133"]
[EventDate "2014.06.16"]

1. e4 c5 2. Nf3 e6 3. d4 cxd4 4. Nxd4 Nc6 5. Nc3 d6 6. g3 Nf6 7. Bg2 Bd7 8. O-O
Be7 9. Re1 O-O 10. Nxc6 Bxc6 11. a4 Rc8 12. Be3 a6 13. a5 Nd7 14. f4 Qc7 15. Qd2
Rfe8 16. Bf2 Qb8 17. Bd4 Bf6 18. Red1 e5 19. fxe5 Nxe5 20. b3 Qc7 21. Rf1 Nd7
22. Bh3 Bxd4+ 23. Qxd4 Re5 24. Qc4 Rf8 25. Nd5 Qd8 26. Rf5 Bxd5 27. exd5 Rfe8
28. Raf1 Rxf5 29. Bxf5 Ne5 30. Qb4 Qc7 31. c4 g6 32. Bh3 f5 33. Qb6 Qxb6+ 34.
axb6 h5 35. Bg2 Kf7 36. Rc1 Rc8 37. Kf1 Rc5 38. Ra1 Nd7 39. Kf2 Nxb6 40. h3 Nd7
41. g4 hxg4 42. hxg4 fxg4 43. Kg3 Ne5 44. Bf1 Kf6 45. Be2 Kg5 46. b4 Rc8 47. Rc1
b6 48. Ra1 b5 49. cxb5 Rc3+ 50. Kf2 axb5 51. Bxb5 Kf4 52. Be2 Rc2 53. Kf1 g3 54.
Bd1 Rb2 55. b5 Rxb5 0-1

[Event "7th Asrian Memorial 2014"]
[Site "Jermuk ARM"]
[Date "2014.06.22"]
[Round "7.11"]
[White "Torosyan, Norayr"]
[Black "Stamboltsyan, Sargis"]
[Result "1-0"]
[WhiteElo "2322"]
[BlackElo "2190"]
[WhiteFideId "13300431"]
[BlackFideId "13302086"]
[EventDate "2014.06.16"]

1. e4 c5 2. Nf3 e6 3. d4 cxd4 4. Nxd4 a6 5. Bd3 Nf6 6. O-O Qc7 7. Qe2 d6 8. c4
Be7 9. Nc3 Nc6 10. Nxc6 bxc6 11. b3 e5 12. Ba3 Bg4 13. Qc2 h5 14. h3 Be6 15. Na4
g5 16. c5 d5 17. exd5 cxd5 18. Bf5 e4 19. Bxe6 fxe6 20. f3 g4 21. fxe4 gxh3 22.
exd5 Rg8 23. d6 Qc6 24. Rf2 Ng4 25. Re2 Ne3 26. Qd2 Nxg2 27. Kh2 Bg5 28. d7+ Kd8
29. Qa5+ Ke7 30. Qb6 Bf4+ 31. Kh1 Qd5 32. Nc3 Qf5 33. c6+ Kf7 34. Qc5 Ne3 35.
Rxe3 Rg2 36. Qxf5+ exf5 37. Re7+ Kg6 38. Rg1 Rxg1+ 39. Kxg1 h2+ 40. Kh1 Rg8 41.
Re8 1-0

[Event "7th Asrian Memorial 2014"]
[Site "Jermuk ARM"]
[Date "2014.06.22"]
[Round "7.12"]
[White "Hoghmrtsyan, Artur"]
[Black "Sibashvili, Giorgi"]
[Result "1/2-1/2"]
[WhiteElo "1912"]
[BlackElo "2274"]
[WhiteFideId "13306685"]
[BlackFideId "13602799"]
[EventDate "2014.06.16"]

1. e4 g6 2. d4 Bg7 3. Nc3 d6 4. Nf3 Bg4 5. Be2 Nd7 6. O-O c6 7. h3 Bxf3 8. Bxf3
Qc7 9. a4 Ngf6 10. a5 O-O 11. Be3 e5 12. dxe5 Nxe5 13. Be2 Rfe8 14. Qd2 Ned7 15.
Rfd1 Bf8 16. Bf3 a6 17. Bf4 Ne5 18. Be2 Rad8 19. Bg5 Be7 20. Bxf6 Bxf6 21. f4
Nd7 22. Qxd6 Qxd6 23. Rxd6 Bxc3 24. bxc3 Nc5 25. Rxd8 Rxd8 26. Bd3 Rd7 27. Rb1
Nxd3 28. cxd3 Rxd3 29. Rxb7 Rxc3 30. Rb6 Rc4 31. Rxa6 Rxe4 32. Rxc6 Rxf4 1/2-1/2

[Event "7th Asrian Memorial 2014"]
[Site "Jermuk ARM"]
[Date "2014.06.22"]
[Round "7.13"]
[White "Bakunts, Rafael"]
[Black "Ghvamberia, Nika"]
[Result "1-0"]
[WhiteElo "2271"]
[BlackElo "2150"]
[WhiteFideId "13304097"]
[BlackFideId "13602128"]
[EventDate "2014.06.16"]

1. e4 c5 2. Nf3 e6 3. b3 d6 4. Bb2 Nf6 5. Bb5+ Nc6 6. e5 Nd5 7. Bxc6+ bxc6 8.
O-O f6 9. exd6 Bxd6 10. d3 O-O 11. Nc3 e5 12. Nd2 Nf4 13. Nc4 Be7 14. Ne2 Nd5
15. f4 exf4 16. Nxf4 Bd6 17. Nxd6 Qxd6 18. Qd2 Bd7 19. Nh5 Rae8 20. Rae1 Rxe1
21. Rxe1 Re8 22. Ng3 Rxe1+ 23. Qxe1 Qf4 24. Ne4 Bf5 25. Nxc5 Kf7 26. Qf2 Qg4 27.
h3 Qd1+ 28. Kh2 Kg6 29. a3 h5 30. c4 Ne7 31. Bc3 Kf7 32. Bb4 Bc8 33. Qg3 Qe2 34.
Qe1 Qc2 35. Nb7 Nf5 36. Nd8+ Kg6 37. Qe8+ Kh6 38. Nf7+ Kh7 39. Qh8+ Kg6 40. Qe8
Kh7 41. Qxc8 Ne3 42. Qxc6 Qf2 43. Qe4+ g6 44. Bd6 Nf1+ 45. Kh1 Nd2 46. Qe7 Qf1+
47. Kh2 Nf3+ 48. Kg3 h4+ 49. Kg4 Qxg2+ 50. Kf4 Qg3+ 51. Ke4 Nd2+ 52. Kd4 Qf2+
53. Kd5 Qf3+ 54. Kc5 Nxb3+ 55. Kb4 a5+ 56. Kc3 1-0

[Event "7th Asrian Memorial 2014"]
[Site "Jermuk ARM"]
[Date "2014.06.22"]
[Round "7.14"]
[White "Movsisyan, Vardan"]
[Black "Tutisani, Noe"]
[Result "0-1"]
[WhiteElo "2211"]
[BlackElo "2115"]
[WhiteFideId "13301799"]
[BlackFideId "13602853"]
[EventDate "2014.06.16"]

1. e4 c5 2. Nc3 d6 3. f4 Nc6 4. Bc4 g6 5. Nf3 Bg7 6. O-O Nf6 7. d3 O-O 8. f5
gxf5 9. Qe1 fxe4 10. dxe4 Bg4 11. Qg3 Kh8 12. e5 dxe5 13. Be3 Bxf3 14. Rxf3 Nd4
15. Rf2 e4 16. Qh4 Qd7 17. Bg5 Nf5 18. Qh3 Nd6 19. Bxf6 Qxh3 20. Bxg7+ Kxg7 21.
gxh3 Nxc4 22. Nxe4 b6 23. b3 Ne5 24. Ng3 f6 25. Kf1 Rad8 26. Ke2 Kf7 27. Ne4 Rg8
28. a4 a5 29. Raf1 Rg6 30. Rf5 Rg2+ 31. Nf2 c4 32. Ke3 Ke6 33. Rf4 c3 34. Rd4
Rdg8 35. Rh1 R8g5 36. Rf4 Rh5 37. Kd4 Rf5 38. Rxf5 Kxf5 39. Rf1 Nf3+ 40. Ke3
Nxh2 41. Rd1 Rg3+ 42. Kd4 e5+ 43. Kd5 Rg2 44. Ne4 Rxc2 45. Rd3 Kf4 46. Nxc3 f5
47. Ke6 Rxc3 48. Rxc3 e4 49. b4 e3 50. Rc4+ Kg3 51. Kxf5 e2 52. Re4 Nf3 53. b5
e1=Q 54. Rxe1 Nxe1 55. Ke4 Nc2 56. Kd5 Na3 57. Kc6 Nc4 58. Kd5 Nb2 0-1

[Event "7th Asrian Memorial 2014"]
[Site "Jermuk ARM"]
[Date "2014.06.22"]
[Round "7.15"]
[White "Igonin, Temur"]
[Black "Simonyan, Latush"]
[Result "0-1"]
[WhiteTitle "FM"]
[WhiteElo "2192"]
[BlackElo "1820"]
[WhiteFideId "14203049"]
[BlackFideId "13307444"]
[EventDate "2014.06.16"]

1. e4 c5 2. Nf3 d6 3. d4 cxd4 4. Nxd4 Nf6 5. Nc3 a6 6. Bg5 Nbd7 7. Bc4 Qa5 8.
Qd2 e6 9. f3 b5 10. Bb3 Bb7 11. O-O-O O-O-O 12. Kb1 Kb8 13. g4 Be7 14. Bf4 Ne5
15. Qe1 Nfd7 16. g5 Rc8 17. a4 bxa4 18. Nxa4 Qxe1 19. Rhxe1 h6 20. gxh6 g5 21.
Bc1 Rxh6 22. Rg1 Rxh2 23. Bxg5 Bxg5 24. Rxg5 Rf2 25. Rg7 Nc5 26. Nb6 Rc7 27. Nc4
Nxb3 28. cxb3 Nxc4 29. bxc4 Rxc4 30. Ka1 Rb4 31. Rxf7 Ra4+ 32. Kb1 Bxe4+ 33.
fxe4 Rxf7 34. Nxe6 Rf2 35. Rxd6 Rb4 36. Rd8+ Ka7 37. Rd7+ Kb6 38. Rd6+ Ka5 39.
Rd5+ Rb5 40. Rxb5+ axb5 41. Nd4 Rf4 42. Nb3+ Kb4 43. Nd2 Kc5 44. Kc2 Kd4 45. Kb3
Rf2 46. Nb1 b4 47. Ka2 Kxe4 48. Ka1 Kd4 49. Ka2 Kc4 50. Ka1 Kb3 0-1